书目信息 |
| 题名: |
实效防癌十八招
|
|
| 作者: | 纪小龙 著 | |
| 分册: | ||
| 出版信息: | 南京 江苏文艺出版社 2014 |
|
| 页数: | 215页 | |
| 开本: | 24cm | |
| 丛书名: | ||
| 单 册: | ||
| 中图分类: | R730.1 | |
| 科图分类: | ||
| 主题词: | 癌--预防(卫生) | |
| 电子资源: | ||
| ISBN: | 978-7-5399-4369-5 | |
| 000 | 00715nam0 2200229 450 | |
| 001 | 340067 | |
| 005 | 20150604164914.35 | |
| 010 | @a978-7-5399-4369-5@dCNY28.00 | |
| 100 | @a20140429d2014 em y0chiy50 ea | |
| 101 | 0 | @achi |
| 102 | @aCN@b320000 | |
| 105 | @aa z 000yy | |
| 106 | @ar | |
| 200 | 1 | @a实效防癌十八招@Ashi xiao fang ai shi ba zhao@f纪小龙著 |
| 210 | @a南京@c江苏文艺出版社@d2014 | |
| 215 | @a215页@c图@d24cm | |
| 330 | @a本书通过点评肝癌、胃癌、脑癌、食管癌、宫颈癌、胰腺癌等十八种常见癌症, 教大家怎么预防癌症, 远离癌症的魔爪。 | |
| 606 | 0 | @a癌@x预防(卫生) |
| 690 | @aR730.1@v5 | |
| 701 | 0 | @a纪小龙@Aji xiao long@f(1952.8)@4著 |
| 801 | 0 | @aCN@b卓展宏图@c20150525 |
| 905 | @dR730.1@e23@f5 | |
| 实效防癌十八招/纪小龙著.-南京:江苏文艺出版社,2014 |
| 215页:图;24cm |
| ISBN 978-7-5399-4369-5:CNY28.00 |
| 本书通过点评肝癌、胃癌、脑癌、食管癌、宫颈癌、胰腺癌等十八种常见癌症, 教大家怎么预防癌症, 远离癌症的魔爪。 |
| ● |
| 相关链接 |
|
|
|
|
正题名:实效防癌十八招
索取号:R730.1/23
 
预约/预借
| 序号 | 登录号 | 条形码 | 馆藏地/架位号 | 状态 | 备注 |
| 1 | 855641 | 208556418 | 第二样本阅览室/ [索取号:R730.1/23] | 在馆 | |
| 2 | 855642 | 208556427 | 第三借阅区/ [索取号:R730.1/23] | 在馆 | |
| 3 | 855643 | 208556436 | 第三借阅区/ [索取号:R730.1/23] | 在馆 | |
| 4 | 855644 | 208556445 | 第三借阅区/ [索取号:R730.1/23] | 在馆 | |
| 5 | 855645 | 208556454 | 第三借阅区/ [索取号:R730.1/23] | 在馆 |